00614nam a2200205 a 4500001001300000003000900013005001700022008004100039020001000080082001500090100002800105245004000133260004000173300000800213500003500221505001000256505009100266650002300357700002800380nice12345678IN_TiNIC20260116013816.0050524s1994 newa grp 000 0 eng  ac10000a722.4bACH aAcharya, Prasanna Kumar aEncyclopaedia of Hindu Architecture aNew DelhibCosmo Publicationsc1994 a00p aincludes index and biblioraphy2 aIndex2 aIndex00gV2.tEncyclopaedia of Hindu Architecture.--gV2.tEncyclopaedia of Hindu Arch aArchitecture-Hindu1 aAcharya, Prasanna Kumar